000
00213 a2200097 4500
001
30386
100
_a
MAR, Edward Thom
245
_a
Collected Poems
260
_a
London
_b
Faber & Faber
_c
090
_c
20338
_d
20338
942
_a
NUST-CAE
_c
M
_c
11490
999
_c
265459
_d
265459